000 00864cam a22002534a 4500
001 11942253
005 20251104154122.0
008 000315s2001 njua b 001 0 eng
020 _a0137524781
_qcase
020 _a9780137524785
_q(case)
050 0 0 _aTA166
_b.K77 2001
082 0 0 _a620.8/2
_221
100 1 _aKroemer, K. H. E.,
_d1933-
245 1 0 _aErgonomics :
_bhow to design for ease and efficiency /
_cK.H.E. Kroemer, H.B. Kroemer, K.E. Kroemer-Elbert.
250 _a2nd ed.
260 _aUpper Saddle River, NJ :
_bPrentice Hall,
_cc2001.
300 _axx, 695 p. :
_bill. ;
_c27 cm.
440 0 _aPrentice Hall international series in industrial and systems engineering
650 0 _aHuman engineering.
650 0 _aEngineering design.
700 1 _aKroemer, H. B.
700 1 _aKroemer-Elbert, K. E.
_q(Katrin E.)
942 _2lcc
_cBK
_e2nd ed.
_n0
999 _c8019
_d8019